| 000 | 01021cab a2200217 4500 | ||
|---|---|---|---|
| 001 | WB2738-57 | ||
| 008 | 090401t1991 xxu||||| |||| 00| 0 eng d | ||
| 035 | _a(Sirsi) u1891 | ||
| 041 | _aeng | ||
| 245 | _aVendor`s obligation | ||
| 260 | _c1991 | ||
| 350 | _a0 | ||
| 490 |
_aChartered Surveyor Weekly _v37(1) 3 October 1991, 48(1) |
||
| 520 | _a"Southway Group Ltd v Wolff and another", CA 16 July 1991, involved a property developer contracting to sell on a building, having first fitted it out. It confirms that in the absence of express provision, the question of whether a contract for services required personal performance by the party that agreed to provide them depended on the common intention of the parties inferred from the nature of the services, the other terms of the contract and all the circumstances of the case. | ||
| 650 | _aCONTRACT FOR SALE | ||
| 650 | _aFITTING OUT | ||
| 650 | _aVENDOR AND PURCHASER | ||
| 690 | _aPROPERTY LAW AND PRACTICE-CASE LAW | ||
| 942 | _n0 | ||
| 948 | _c04/03/1997 | ||
| 999 |
_c1105 _d1105 |
||